000 01156nam0a22002771 4500
001 rc\783768
005 20040301143348.2
035 _a(NLR Aleph) 006309535
090 _a7336831
_c7336831
100 _a20040301d1983 u |0rusy50 ca
101 0 _arus
102 _aRU
105 _aa |||||||||
200 1 _aВзаимодействие жестких линейных включений и трещин в деформируемом теле
_fЛ.Т. Бережницкий, В.В. Панасюк, Н.Г. Стащук
210 _aКиев
_cНаукова думка
_d1983
215 _a288 с.
_cил.
_d22
300 _aВ надзаг.: АН УССР, Физ.-мех. ин-т им. Г.В. Карпенко
320 _aБиблиогр.: с. 273-286 (324 назв.)
700 1 _aБережницкий
_bЛ. Т.
_gЛев Теодорович
701 1 _aПанасюк
_bВ. В.
_f1926-
_gВладимир Васильевич
_3RU\NLR\AUTH\770155626
701 1 _aСтащук
_bН. Г.
_gНиколай Григорьевич
801 0 _aRU
_bNLR
_gpsbo
801 1 _aRU
_bELAR
_2rusmarc
852 _aNLR
_j84-5/2588
942 _cBOOK
980 _aNB